Word Ladder: Obscure April 28 Holiday Quiz Stats

 Plays Quiz Updated Apr 28, 2017

Support Sporcle.
Go Orange.
Score 0/20 Timer 02:00
0 Plays Today
Hint 4-letter Word % Correct
Shopping or wish guideLIST
96.3%
Submit or publish something on FacebookPOST
96.1%
The yellow of an eggYOLK
95.9%
Title for Universe, Piggy, or MuffetMISS
95.7%
Cloud of water dropletsMIST
95.6%
ABC deserted island show from 2004-2010LOST
95.4%
Price for riding on a roadTOLL
93.2%
Survey of votersPOLL
93.2%
Of great heightTALL
92.8%
US President James K.POLK
92.8%
Hint 4-letter Word % Correct
Collection of shopsMALL
92.3%
Possessing XY chromosomesMALE
90.4%
How to get 'some sugar on me'POUR
90.2%
SwankyPOSH
89.4%
'Give me your tired, your ___, Your huddled masses...'POOR
87.1%
A. A. Milne bear, for shortPOOH
86.9%
April 28: [Rung 1] [Rung 11] ___ Day
OR Chess game end, for short
💋MATE💋
83.7%
April 28: [Rung 1] ___ [Rung 20] Day
OR 'Thine', modernized
💋YOUR💋
78.8%
April 28: ___ [Rung 11] [Rung 20] Day
OR 'Detroit Rock City' band
💋KISS💋
77.2%
Nickname of former Red Sox player KevinYOUK
75%

Today's Daily Dose

You're not logged in!

Compare scores with friends on all Sporcle quizzes.
OR
Log In
Forgot?

From the Vault

All Named Moons of the Solar System

by Patteroast

One of the rare instances where Shakespeare and mythology knowledge will help you immensely on a science quiz.
Remove Ads.
Support Sporcle.
Get the best of Sporcle when you Go Orange. This ad-free experience offers more features, more stats, and more fun while also helping to support Sporcle. Thank you for becoming a member.

Show Comments

Extras

Top Quizzes Today


Score Distribution

Your Account Isn't Verified!

In order to create a playlist on Sporcle, you need to verify the email address you used during registration. Go to your Sporcle Settings to finish the process.

Report this User

Report this user for behavior that violates our Community Guidelines.

Details: